[Event "Turtle Speed # 11"]
[Site "SchemingMind.com"]
[Date "2008.12.06"]
[Round "-"]
[White "krtsip"]
[Black "Black Knight"]
[Result "1-0"]
[WhiteCountry "POL"]
[BlackCountry "USA"]
[WhiteElo "2290"]
[WhiteRD "142"]
[BlackElo "1510"]
[BlackRD "71"]
[GameID "182205"]

1. d4 d5 2. c4 c6 3. Nc3 Nf6 4. Nf3 Bg4 5. Ne5 Be6 6. b3 Ne4 7. cxd5 Nxc3 8. dxe6 f6 9. Qd3 Nb5 10. Nf3 Qd5
11. e4 Qxe6 12. Qe3 Nd7 13. Bc4 Qd6 14. a4 Nc7 15. Ba3 c5 16. e5 Qb6 17. e6 Nb8 18. dxc5 Qa5+ 19. b4 Qxa4 20. O-O Qc6
21. b5
1-0

[Event "Turtle Speed # 11"]
[Site "SchemingMind.com"]
[Date "2008.12.07"]
[Round "-"]
[White "XTC"]
[Black "jtrochez1"]
[Result "0-1"]
[WhiteCountry "COL"]
[BlackCountry "HON"]
[WhiteElo "1633"]
[WhiteRD "75"]
[BlackElo "1559"]
[BlackRD "50"]
[GameID "182217"]

1. e4 e5 2. Nf3 d6 3. d4 exd4 4. Nxd4 Nf6 5. Nc3 c6 6. Bg5 Be7 7. Bxf6 Bxf6 8. g3 O-O 9. Bg2 Re8 10. O-O Bxd4
11. Qxd4 Be6 12. b3 Nd7 13. Ne2 d5 14. Rae1 Rc8 15. Nf4 Qb6 16. Qd3 Nc5 17. Qc3 g6 18. Nxe6 fxe6 19. exd5 cxd5 20. Re2 Ne4
21. Qb2 Nc3 22. Re5 Qd4 23. Qa3 Qxe5 24. Qxa7 Ra8 25. Qxb7 Rab8 26. Qd7 Rbd8 27. Qb7 Nxa2 28. Ra1 Qxa1+ 29. Bf1 d4 30. Kg2 Rf8
31. Qa6 Rde8 32. Bc4 Qe1 33. Qxa2 Qxf2+ 34. Kh3 Qf5+ 35. Kg2 Kg7 36. Qa7+ Kh6 37. Bd3 Qf2+ 38. Kh3 Rf5 39. Bxf5 exf5 40. Qa6 Qxc2
41. Qd6 d3 42. Qf4+ Kg7 43. Qd4+ Kf8 44. Qd6+ Re7 45. Qd8+ Kf7 46. Qd5+ Re6 47. Qd7+ Kf6 48. Qd4+ Ke7 49. Qg7+ Kd6 50. Qf8+ Kd5
51. Qd8+ Rd6 52. Qg8+ Ke4 53. Qe8+ Kf3 54. Qe5 Qg2+ 55. Kh4 Qxh2+
0-1

[Event "Turtle Speed # 11"]
[Site "SchemingMind.com"]
[Date "2008.12.11"]
[Round "-"]
[White "XTC"]
[Black "griffimv"]
[Result "0-1"]
[WhiteCountry "COL"]
[BlackCountry "INT"]
[WhiteElo "1633"]
[WhiteRD "75"]
[BlackElo "2288"]
[BlackRD "88"]
[GameID "182218"]

1. e4 c5 2. Nf3 d6 3. d4 cxd4 4. Nxd4 Nf6 5. Nc3 a6 6. Be2 e5 7. Nb3 Be7 8. O-O O-O 9. Bg5 Be6 10. Bxf6 Bxf6
11. Nd2 Qc7 12. Bg4 Nc6 13. Bxe6 fxe6 14. Qe2 b5 15. b4 Nxb4
0-1

[Event "Turtle Speed # 11"]
[Site "SchemingMind.com"]
[Date "2008.12.07"]
[Round "-"]
[White "XTC"]
[Black "Archon"]
[Result "1-0"]
[WhiteCountry "COL"]
[BlackCountry "CAN"]
[WhiteElo "1633"]
[WhiteRD "75"]
[BlackElo "1695"]
[BlackRD "59"]
[GameID "182219"]

1. e4 d6 2. d4 Nf6 3. Nc3 g6 4. Nf3 Bg7 5. b3 O-O 6. g3 Nbd7 7. Bg2 c5 8. O-O cxd4 9. Nxd4 Nc5 10. Be3 Bd7
11. Nde2 Rc8 12. Rc1 a6 13. Nd5 Nfxe4 14. Bxc5 Nxc5 15. b4 Na4 16. Re1 Nb6 17. Nxb6 Qxb6 18. a3 Ba4 19. Nf4 e6 20. Nd3 Rc3
21. Nb2 Bc6 22. Qxd6 Rxa3 23. Nc4 Rxg3 24. Nxb6 Rxg2+ 25. Kf1 Bh6 26. Rcd1 Rxh2 27. Qxh2
1-0

[Event "Turtle Speed # 11"]
[Site "SchemingMind.com"]
[Date "2008.12.07"]
[Round "-"]
[White "XTC"]
[Black "Black Knight"]
[Result "1-0"]
[WhiteCountry "COL"]
[BlackCountry "USA"]
[WhiteElo "1633"]
[WhiteRD "75"]
[BlackElo "1510"]
[BlackRD "71"]
[GameID "182220"]

1. e4 e5 2. Nf3 Nf6 3. d4 d6 4. Nc3 Be7 5. dxe5 dxe5 6. Qxd8+ Bxd8 7. Nxe5 O-O 8. Bd3 Re8 9. f4 Nfd7 10. Nxd7 Bxd7
11. O-O Nc6 12. Be3 Be7 13. Rad1 Bb4 14. e5 Ne7 15. Ne2 Nd5 16. Bc1 Bg4 17. c3 Bc5+ 18. Kh1 Be3 19. h3 Bxe2 20. Bxe2 Rad8
21. Rxd5 Rxd5 22. Bxe3 f6 23. Bc4 Rd8 24. Rd1 c6 25. Bxa7 Kf8 26. Bxd5 Rxd5 27. Rxd5
1-0

[Event "Turtle Speed # 11"]
[Site "SchemingMind.com"]
[Date "2008.12.06"]
[Round "-"]
[White "XTC"]
[Black "ThulsaDoom"]
[Result "1-0"]
[WhiteCountry "COL"]
[BlackCountry "USA"]
[WhiteElo "1686"]
[WhiteRD "73"]
[BlackElo "1523"]
[BlackRD "80"]
[GameID "182221"]

1. e4 c5 2. Nf3 d6 3. c3 Nf6 4. Qc2 Qc7 5. d3 e6 6. Be2 Be7 7. O-O O-O 8. h3 Nc6 9. Bf4 a6 10. Nbd2 b5
11. Bh2 Bb7 12. Nh4 Qd7 13. f4 e5 14. Nf5 Rfe8 15. Nxe7+
1-0

[Event "Turtle Speed # 11"]
[Site "SchemingMind.com"]
[Date "2008.12.08"]
[Round "-"]
[White "XTC"]
[Black "gervags"]
[Result "0-1"]
[WhiteCountry "COL"]
[BlackCountry "URU"]
[WhiteElo "1601"]
[WhiteRD "68"]
[BlackElo "2026"]
[BlackRD "131"]
[GameID "182222"]

1. e4 e5 2. Nf3 Nc6 3. Bb5 Nf6 4. Nc3 d6 5. d4 a6 6. Bxc6+ bxc6 7. dxe5 Ng4 8. exd6 Bxd6 9. h3 Ne5 10. Nxe5 Bxe5
11. Qxd8+ Kxd8 12. Ne2 Be6 13. O-O Rb8 14. c3 Ke7 15. b3 Rhd8 16. Ba3+ Ke8 17. Rad1 g5 18. g4 f6 19. Bc1 c5 20. c4 h6
21. Be3 Bd6 22. Nc3 c6 23. Na4 h5 24. f3 hxg4 25. fxg4 Be7 26. Bxc5 Rxd1 27. Rxd1 Rd8 28. Rxd8+ Bxd8 29. Nb2 Kf7 30. Nd3 a5
31. e5 f5 32. gxf5 Bxf5 33. Nf2 Bb1 34. a3 Ba2 35. Nd3 Bxb3 36. Nb2 Ke6 37. Bd4 Be7 38. a4 Ba3 39. Kg2 c5 40. Bc3 Bc2
41. Kg3 Bb4 42. Bxb4 cxb4 43. c5 Kxe5 44. Kg4 Kd5 45. Kxg5 Kxc5 46. h4 Kd4 47. h5 Kc3
0-1

[Event "Turtle Speed # 11"]
[Site "SchemingMind.com"]
[Date "2008.12.06"]
[Round "-"]
[White "XTC"]
[Black "krtsip"]
[Result "1-0"]
[WhiteCountry "COL"]
[BlackCountry "POL"]
[WhiteElo "1599"]
[WhiteRD "70"]
[BlackElo "1965"]
[BlackRD "100"]
[GameID "182223"]

1. e4 e5 2. Nf3 Nc6 3. Bb5 a6 4. Ba4 Nf6 5. O-O Be7 6. Re1 b5 7. Bb3 d6 8. c3 O-O 9. h3 Nb8 10. d3 Nbd7
11. Nbd2 Bb7 12. Nf1 Nc5 13. Ng3 Re8 14. Be3 Nxb3 15. Qxb3 c5 16. a3 Bf8 17. c4 Bc6 18. Qc3 a5 19. cxb5 Bxb5 20. a4 Bd7
21. b3 h6 22. Rab1 Be6 23. Red1 g6 24. Nd2 Nd7 25. Nc4 Nb8 26. Qe1 Nc6 27. Ne2 Bg7 28. Nc3 f5 29. f3 f4 30. Bd2 Nd4
31. Rdc1
1-0

[Event "Turtle Speed # 11"]
[Site "SchemingMind.com"]
[Date "2008.12.09"]
[Round "-"]
[White "jtrochez1"]
[Black "XTC"]
[Result "0-1"]
[WhiteCountry "HON"]
[BlackCountry "COL"]
[WhiteElo "1559"]
[WhiteRD "50"]
[BlackElo "1633"]
[BlackRD "75"]
[GameID "182224"]

1. e4 e5 2. Bc4 Bc5 3. Nf3 Nc6 4. c3 Nf6 5. d3 d6 6. h3 O-O 7. Bg5 h6 8. Bh4 a6 9. Nbd2 b5 10. Bd5 Bb7
11. a3 g5 12. Nxg5 Nxd5 13. Ngf3 Nf6 14. Qe2 Nb8 15. g4 Nbd7 16. g5 Nh7 17. gxh6 f6 18. d4 Ba7 19. Rg1+ Kf7 20. Rg7+ Ke8
21. Rxh7 Rg8 22. Ng5 Nf8 23. Ne6 Rg1+ 24. Nf1 Nxh7 25. O-O-O Qe7 26. Ng7+ Kd7 27. dxe5 Rg8 28. Ng3 Rxd1+ 29. Qxd1 Qxe5 30. Qg4+ Ke7
31. N3f5+ Kf7 32. f3 Bc8 33. Qh5+ Kf8 34. Bxf6 Nxf6 35. Qg5 Bxf5 36. Kd1 Bxh3 37. Qxe5 dxe5 38. Ke2 Kf7 39. b4 Kg6 40. Nf5 Bxf5
41. exf5+ Kxf5
0-1

[Event "Turtle Speed # 11"]
[Site "SchemingMind.com"]
[Date "2008.12.11"]
[Round "-"]
[White "griffimv"]
[Black "XTC"]
[Result "1-0"]
[WhiteCountry "INT"]
[BlackCountry "COL"]
[WhiteElo "2309"]
[WhiteRD "91"]
[BlackElo "1687"]
[BlackRD "73"]
[GameID "182225"]

1. e4 e5 2. Nf3 Nc6 3. Bb5 a6 4. Ba4 Nf6 5. O-O Be7 6. Re1 b5 7. Bb3 d6 8. c3 O-O 9. h3 Bb7 10. d4 Na5
11. Bc2 Nc4 12. Nbd2 Nb6 13. dxe5 dxe5 14. Nxe5 c5 15. Ng4 Nxg4 16. Qxg4 g6 17. Nf3 Bc8 18. Qg3 Re8 19. Rd1 Bd7 20. Ne5 Ra7
21. Nc6
1-0

[Event "Turtle Speed # 11"]
[Site "SchemingMind.com"]
[Date "2008.12.09"]
[Round "-"]
[White "Archon"]
[Black "XTC"]
[Result "0-1"]
[WhiteCountry "CAN"]
[BlackCountry "COL"]
[WhiteElo "1694"]
[WhiteRD "57"]
[BlackElo "1687"]
[BlackRD "73"]
[GameID "182226"]

1. Nf3 Nf6 2. c4 e6 3. Nc3 d5 4. d4 Be7 5. Bg5 h6 6. Bh4 O-O 7. e3 b6 8. Rc1 Bb7 9. cxd5 exd5 10. a3 Nbd7
11. Bb5 c6 12. Bd3 Re8 13. O-O a6 14. b4 b5 15. h3 Qc7 16. Ne2 a5 17. Bg3 Bd6 18. Qc2 Bxg3 19. Nxg3 axb4 20. axb4 Ra4
21. Bxb5 Rxb4 22. Bd3 Rb6 23. Rfe1 Ba6 24. Bxa6 Rxa6 25. Nd2 Rea8 26. Nb3 Ra2 27. Qd1 Rb2 28. Nc5 Raa2 29. Qf3 Rxf2 30. Qxf2 Rxf2
31. Kxf2 Nxc5 32. Rxc5 Nd7 33. Rc2 c5 34. dxc5 Nxc5 35. Ree2 Qe7 36. Kg1 Ne4 37. Nxe4 Qxe4 38. Rcd2 g5 39. Rd4 Qe5 40. Kh1 f5
41. Red2 Qxe3 42. Rxd5 Qe1+ 43. Kh2 Kg7 44. Rd7+ Kg6 45. R7d6+ Kh5 46. g4+ fxg4 47. hxg4+ Kxg4 48. Rg2+ Kh5 49. Rdd2 Qe5+ 50. Kh1 Kg6
51. Rge2 Qa1+ 52. Kg2 Qa6 53. Ra2 Qc6+ 54. Kh2 g4 55. Rac2 Qd6+ 56. Kg2 h5 57. Rcd2 Qc6+ 58. Kf1 h4 59. Rc2 Qh1+ 60. Kf2 Qf3+
61. Ke1 g3 62. Re6+ Kf5 63. Rce2 g2
0-1

[Event "Turtle Speed # 11"]
[Site "SchemingMind.com"]
[Date "2008.12.11"]
[Round "-"]
[White "Black Knight"]
[Black "XTC"]
[Result "0-1"]
[WhiteCountry "USA"]
[BlackCountry "COL"]
[WhiteElo "1510"]
[WhiteRD "71"]
[BlackElo "1633"]
[BlackRD "75"]
[GameID "182227"]

1. e4 e5 2. Nf3 Nc6 3. Nc3 Nf6 4. Bb5 Bc5 5. O-O O-O 6. Bxc6 dxc6 7. d3 Qe7 8. a3 b5 9. b4 Bb6 10. Bb2 a6
11. Ne2 c5 12. Nxe5 cxb4 13. axb4 Qxb4 14. Nc6 Qxb2 15. Qd2 Ng4 16. Rab1 Qf6 17. Qf4 Qxc6 18. h3 Nxf2 19. Rxf2 Bxf2+ 20. Qxf2 Qxc2
21. Rf1 Qxd3
0-1

[Event "Turtle Speed # 11"]
[Site "SchemingMind.com"]
[Date "2008.12.07"]
[Round "-"]
[White "ThulsaDoom"]
[Black "XTC"]
[Result "0-1"]
[WhiteCountry "USA"]
[BlackCountry "COL"]
[WhiteElo "1523"]
[WhiteRD "80"]
[BlackElo "1686"]
[BlackRD "73"]
[GameID "182228"]

1. e4 e5 2. Nf3 Nc6 3. Bb5 a6 4. Ba4 Nf6 5. O-O Be7 6. Re1 b5 7. Bb3 d6 8. c3 O-O 9. h3 Bb7 10. d4 Re8
11. Nbd2 Na5 12. Bc2 Bf8 13. a4 Nc4 14. Nxc4 bxc4
0-1

[Event "Turtle Speed # 11"]
[Site "SchemingMind.com"]
[Date "2008.12.09"]
[Round "-"]
[White "gervags"]
[Black "XTC"]
[Result "1-0"]
[WhiteCountry "URU"]
[BlackCountry "COL"]
[WhiteElo "2026"]
[WhiteRD "131"]
[BlackElo "1601"]
[BlackRD "68"]
[GameID "182229"]

1. e4 c5 2. c3 e6 3. d4 d5 4. exd5 exd5 5. Nf3 Bd6 6. Be3 c4 7. Be2 Nf6 8. O-O O-O 9. h3 h6 10. Na3 Nc6
11. Nc2 b5 12. Qd2 Ne4 13. Qc1 Qf6 14. Nd2 Qh4 15. Nf3 Qf6 16. Nh2 Qg6 17. Kh1 Ne7 18. Ng4 Bxg4 19. Bxg4 a5 20. Bf4 Bxf4
21. Qxf4 Qd6 22. Qxd6 Nxd6 23. Rfe1 Ng6 24. g3 Rfe8 25. Bf3 Ne4 26. Bxe4 dxe4 27. a4 Rab8 28. Na3 bxa4 29. Nxc4 f5 30. Rxa4 Rec8
31. Re2 Ne7 32. Nxa5 Ra8 33. c4 Nc6 34. Nxc6 Rxa4 35. Ne7+ Kf7 36. Nxc8 Ra1+ 37. Kg2 g5 38. g4 Rd1 39. Nd6+
1-0

[Event "Turtle Speed # 11"]
[Site "SchemingMind.com"]
[Date "2008.12.07"]
[Round "-"]
[White "krtsip"]
[Black "XTC"]
[Result "1-0"]
[WhiteCountry "POL"]
[BlackCountry "COL"]
[WhiteElo "2290"]
[WhiteRD "142"]
[BlackElo "1633"]
[BlackRD "75"]
[GameID "182230"]

1. d4 Nf6 2. c4 e6 3. Nc3 Bb4 4. a3 Bxc3+ 5. bxc3 d5 6. cxd5 exd5 7. e3 c5 8. Bd3 O-O 9. Ne2 c4 10. Bc2 b5
11. O-O Nc6 12. Rb1 a6 13. f3 Nd7 14. Ng3 Nb6 15. e4 Re8 16. e5 f6 17. f4 fxe5 18. fxe5 Be6 19. Qh5 h6 20. Qg6
1-0